Central Library OPAC University of Rajshahi

Census of Pakistan, 1951 : (Record no. 66100)

MARC details
000 -LEADER
fixed length control field 01196nam a2200301 a 4500
001 - CONTROL NUMBER
control field 66100
003 - CONTROL NUMBER IDENTIFIER
rucl marc code BD-RjUL
005 - DATE AND TIME OF LATEST TRANSACTION
control field 20211209081512.0
008 - FIXED-LENGTH DATA ELEMENTS--GENERAL INFORMATION
fixed length control field 170314s1952 pk ||||||||s|o00| 0 eng d
020 ## - INTERNATIONAL STANDARD BOOK NUMBER
Terms of availability : PRs. 1.00
035 ## - SYSTEM CONTROL NUMBER
System control number (BD-RjUL)66230
040 ## - CATALOGING SOURCE
Original cataloging agency BD-RjUL
Language of cataloging eng
Transcribing agency BD-RjUL
Modifying agency BD-RjUL
041 ## - LANGUAGE CODE
Language code of text/sound track or separate title eng
082 ## - DEWEY DECIMAL CLASSIFICATION NUMBER
Edition number 23
Classification number 304.609549021
Author mark and year PAC 1952 (CBN3)
110 1# - MAIN ENTRY--CORPORATE NAME
Corporate name or jurisdiction name as entry element Pakistan.
Subordinate unit Office of the Census Commissioner. Ministry of Interior.
9 (RLIN) 195498
245 10 - TITLE STATEMENT
Title Census of Pakistan, 1951 :
Remainder of title Urban and rural population & area (tables 1 & 1A) : Census Bulletin No. 3 /
Statement of responsibility, etc. Pakistan.Office of the Census Commissioner. Ministry of Interior ; Census Organization (Pakistan)
260 ## - PUBLICATION, DISTRIBUTION, ETC. (IMPRINT)
Place of publication, distribution, etc. Karachi:
Name of publisher, distributor, etc. Manager of Publications,
Date of publication, distribution, etc. 1952
300 ## - PHYSICAL DESCRIPTION
Pagination 44 p. ;
Size 25 cm.
490 ## - SERIES STATEMENT
Series statement Census bulletin ;
Volume/sequential designation no. 3
Series statement Census 51 ;
Volume/sequential designation No. 32 B
651 ## - SUBJECT ADDED ENTRY--GEOGRAPHIC NAME
Geographic name Pakistan
Form subdivision Census, 1951.
9 (RLIN) 195499
Geographic name Pakistan
General subdivision Religion
Form subdivision Statistics.
Chronological subdivision 1951
9 (RLIN) 195500
Geographic name Pakistan
General subdivision Population
Form subdivision Statistics.
Chronological subdivision 1951
9 (RLIN) 192750
710 ## - ADDED ENTRY--CORPORATE NAME
Corporate name or jurisdiction name as entry element Census Organization (Pakistan)
9 (RLIN) 186435
830 ## - SERIES ADDED ENTRY--UNIFORM TITLE
Uniform title Census bulletin ;
Volume number/sequential designation no. 3
Uniform title Census 51 ;
Volume number/sequential designation No. 32 B
942 ## - ADDED ENTRY ELEMENTS (KOHA)
Source of classification or shelving scheme Dewey Decimal Classification
Koha item type Rare Books
Holdings
Lost status Source of classification or shelving scheme Damaged status Not for loan Collection code Permanent Location Current Location Shelving location Date acquired Source of acquisition Cost, normal purchase price Total Checkouts Full call number Date last seen Copy number Koha item type
  Dewey Decimal Classification   Not For Loan Rare Books Central Library, University of Rajshahi Central Library, University of Rajshahi Rare Book Section 26/01/1955 C. P. B. , Dacca 1.00   RA 304.609549021 PAC 1952(CBN3) 14/03/2017 C-1 Rare Books
  Dewey Decimal Classification   Not For Loan Rare Books Central Library, University of Rajshahi Central Library, University of Rajshahi Rare Book Section 14/03/2017       RA 304.609549021 PAC 1952(CBN3) 14/03/2017 C-2 Rare Books